000 00336pab a2200145 454500
008 180718b2002 xxu||||| |||| 00| 0 eng d
100 _aPant, Manoj
245 _aWomen empowerment - perspective and approach
260 _c2002
300 _ap.73-77.
362 _aDec
650 _aWomen
773 _aAdministrator
909 _a57982
999 _c57982
_d57982